banner koha

Productive and physiological responses of basil to nitrogen fertilization (Registro n. 338157)

MARC details
000 -LÍDER
fixed length control field 03079nab a2200313 i 4500
003 - CÓDIGO MARC DA AGÊNCIA CATALOGADORA
Campo de controle BR-BrBNA
005 - DATA E HORA DA ÚLTIMA ATUALIZAÇÃO
Campo de controle 20250913155447.0
008 - CAMPO DE TAMANHO FIXO
fixed length control field 250913b2021 bl.qr|pooa||| 00| 0 eng |
040 ## - FONTE DA CATALOGAÇÃO
Agência catalogadora BR-BrBNA
Idioma da catalogação eng
072 ## - CATEGORIA AGRIS
Código AGRIS F04
Código do objeto 2390
100 ## - ENTRADA PRINCIPAL - NOME PESSOAL
Nome pessoal Sampaio, Italo MG
100 ## - ENTRADA PRINCIPAL - NOME PESSOAL
Nome pessoal Guimarães, Marcelo de A
100 ## - ENTRADA PRINCIPAL - NOME PESSOAL
Nome pessoal Rabelo, Janiquelle da S
100 ## - ENTRADA PRINCIPAL - NOME PESSOAL
Nome pessoal Viana, Caris dos S
100 ## - ENTRADA PRINCIPAL - NOME PESSOAL
Nome pessoal Machado, Francisca GA
245 ## - TÍTULO PRINCIPAL
Título principal Productive and physiological responses of basil to nitrogen fertilization
500 ## - NOTA GERAL
Nota geral <br/>Publicação online; 25 ref.; 5 illus.; Summaries (En, Pt)
942 ## - ADDED ENTRY ELEMENTS (KOHA)
Koha item type Analítica
520 ## - NOTA DE RESUMO
Nota de conteúdo <br/><br/><br/>ABSTRACT: The aim of this study was to evaluate productive and physiological traits of basil cv. Italiano Genovese grown in nitrogen-fertilized soil. We studied five doses of nitrogen (25, 50, 75, 100 and 125 kg ha-1), in urea form. The experimental design was completely randomized, with four replicates. The maximum plant height was 79 cm, applying 65.7 kg ha-1 N. Shoot fresh and dry masses (814.1 g plant-1 and 111.4 g plant-1, respectively) and productivity (4.4 t ha-1) reached maximum values at 86.2; 80.2 and 82.5 kg ha-1 N, respectively. The highest N content in plant shoot was 26.1 g kg-1 at 125 kg ha-1 N. Photosynthesis and instantaneous carboxylation efficiency obtained maximum responses at doses of 85.3 and 83.3 kg ha-1 N, respectively. Stomatal conductance and transpiration increased with N additional rates. <br/><br/><br/>Keywords: Ocimum basilicum, nitrogen, gas exchange.
520 ## - NOTA DE RESUMO
Nota de conteúdo <br/><br/><br/>RESUMO: Objetivou-se com este estudo avaliar características fisiológicas e produtividade do manjericão cv. Italiano Genovese cultivado em campo e adubado com nitrogênio. Estudaram-se cinco doses de nitrogênio (25, 50, 75, 100 e 125 kg ha-1), na forma de ureia. O delineamento experimental foi em blocos casualizados, com quatro repetições. A altura máxima das plantas foi de 79 cm, sob a dose de 65,7 kg ha-1 de N. As massas frescas e secas da parte aérea (814,1 g planta-1 e 111,4 g planta-1, respectivamente) e a produtividade (4,4 t ha-1) atingiram valores máximos sob as doses de 86,2; 80,2 e 82,5 kg ha-1 de N, respectivamente. O maior teor de N na parte aérea das plantas foi de 26,1 g kg-1 obtido sob a dose de 125 kg ha-1 de N. A fotossíntese e a eficiência instantânea de carboxilação obtiveram máximas respostas sob as doses de 85,3 e 83,3 kg ha-1 de N, respectivamente. Para a condutância estomática e a transpiração observou-se aumento com acréscimo das doses de nitrogênio.<br/><br/><br/><br/>Palavras-chave: Ocimum basilicum, nitrogênio, trocas gasosas
650 ## - ASSUNTO - THESAGRO
Cabeçalho tópico ou nome geográfico MANJERICÃO
650 ## - ASSUNTO - THESAGRO
Cabeçalho tópico ou nome geográfico PLANTA PARA CONDIMENTO
650 ## - ASSUNTO - THESAGRO
Cabeçalho tópico ou nome geográfico ADUBAÇÃO
650 ## - ASSUNTO - THESAGRO
Cabeçalho tópico ou nome geográfico NITROGÊNIO
650 ## - ASSUNTO - THESAGRO
Cabeçalho tópico ou nome geográfico PRODUTIVIDADE
773 0# - ENTRADA ANALÍTICA
Host Biblionumber 1047
Registro do item 357912
Imprenta Brasília-DF Sociedade de Olericultura do Brasil 1983
Outro identificador 2025-5877
Título Horticultura Brasileira (Brazil)
ISSN 0102-0536
Colação v. 39(3) p. 335-340; (2021)
Número de controle de registro BR2025001948
856 ## - ACESSO E ENDEREÇO ELETRÔNICO
Identificador uniforme de recurso - URI https://www.scielo.br/j/hb/a/Ch9d5Nr8YN5HGGdzbBhMk3h/?format=pdf&lang=en

Nenhum exemplar disponível.

BINAGRI

Telefone: (61)3218-2567/2388/3357/2097 - binagri@agro.gov.br

Ministério da Agricultura e Pecuária , Esplanada dos Ministérios, Bloco D, Anexo B, Brasília/DF, CEP: 70.043-900